Karty uświęconej duszy /

Hlavní autor: Stark, Anna
Další autoři: Dyer, Louis, Kempara-Sobowska, Kamila
Jazyk: Polština
Vydáno: Praha : Synergie, 2021
Vydání: Wydanie pierwsze
Témata:
Fyzický popis: 128 stran : ilustrace ; 13 cm + 36 barevných vykládacích karet
Knihy
Uloženo v:
LEADER 02448nam a2200673 i 4500
001 nkc20223394066
003 CZ PrNK
005 20231212101333.0
007 ta
008 220202s2021 xr a e f 000 0 pol
015 |a cnb003394066 
020 |a 978-80-7370-566-4  |q (brožováno) 
035 |a (OCoLC)1347065360 
040 |a BOA001  |b cze  |d ABA001  |e rda 
041 1 |a pol  |h eng 
072 7 |a 133  |x Ezoterismus. Okultismus  |2 Konspekt  |9 17 
080 |a 165.322  |2 MRF 
080 |a 159.923.2  |2 MRF 
080 |a 165.242.1  |2 MRF 
080 |a 615.851  |2 MRF 
080 |a 133.3:794.43  |2 MRF 
080 |a (035)  |2 MRF 
080 |a (0.026.6)794.43  |2 MRF 
100 1 |a Stark, Anna  |7 xx0235378  |4 aut 
240 1 0 |a Sacred spirit reading cards.  |l Polsky 
245 1 0 |a Karty uświęconej duszy /  |c Anna Stark ; ilustracje Louis Dyer ; tłumaczyła: Kamila Kempara-Sobowska 
250 |a Wydanie pierwsze 
264 1 |a Praha :  |b Synergie,  |c 2021 
300 |a 128 stran :  |b ilustrace ;  |c 13 cm +  |e 36 barevných vykládacích karet 
336 |a text  |b txt  |2 rdacontent 
336 |a statický obraz  |b sti  |2 rdacontent 
337 |a bez média  |b n  |2 rdamedia 
338 |a svazek  |b nc  |2 rdacarrier 
338 |a karta  |b no  |2 rdacarrier 
500 |a Přeloženo z angličtiny 
500 |a Obálkový podnázev: duchowe przewodnictwo na drozdie życia 
500 |a Brožura a karty uloženy ve společné kartonové krabici (14 x 10 x 3 cm) 
650 0 7 |a duchovní poznání  |7 ph119632  |2 czenas 
650 0 7 |a sebepoznání  |7 ph116116  |2 czenas 
650 0 7 |a sebeuvědomování  |7 ph217729  |2 czenas 
650 0 7 |a sebeuzdravování  |7 ph125452  |2 czenas 
650 0 7 |a vykládání karet  |7 ph138942  |2 czenas 
650 0 9 |a spiritual knowledge  |2 eczenas 
650 0 9 |a self-consciousness  |2 eczenas 
650 0 9 |a self-awareness  |2 eczenas 
650 0 9 |a health self-care  |2 eczenas 
650 0 9 |a fortune telling by cards  |2 eczenas 
655 7 |a příručky  |7 fd133209  |2 czenas 
655 7 |a vykládací karty  |7 fd133822  |2 czenas 
655 9 |a handbooks and manuals  |2 eczenas 
655 9 |a fortune telling cards  |2 eczenas 
700 1 |a Dyer, Louis  |7 xx0235376  |4 ill 
700 1 |a Kempara-Sobowska, Kamila  |7 jo20211134306  |4 trl 
910 2 |a BOA001  |b Z-1481.624 
928 9 |a Synergie Publishing SE 
990 |a BK 
995 |a 01 
991 |b 202203  |c NOV 
996 6 |b 2610893875  |c Z-1481.624  |l MZK  |r Sklad / do 24 hodin  |n 0  |p p.v.  |w 001877943  |u 000010  |a 1  |e BOA001  |j MZK50  |s P